[Event "Aurora Spring op"]
[Site "Newmarket CAN"]
[Date "2023.03.26"]
[Round "4"]
[White "Zhao, Jeffrey R"]
[Black "Mao, Fengxi"]
[Result "0-1"]
[WhiteElo "1860"]
[BlackElo "1987"]
[PlyCount "120"]
[EventDate "2023.03.25"]
[EventType "swiss"]
[EventRounds "5"]
[EventCountry "CAN"]

1. e4 Na6 2. Bxa6 bxa6 3. d4 Bb7 4. Nc3 e6 5. Nf3 Bb4 6. Qe2 Nf6 7. e5 Ne4 8.
Bd2 Nxd2 9. Qxd2 c5 10. a3 Qa5 11. O-O Bxc3 12. Qxc3 Qxc3 13. bxc3 Ke7 14. Rfb1
Bxf3 15. gxf3 Rhc8 16. Rb7 cxd4 17. Rd1 Rxc3 18. Rxd4 Rd8 19. Ra4 Rxc2 20. Rxa6
Rc5 21. f4 Rc4 22. Raxa7 Rxf4 23. Kg2 Rf5 24. Rb5 f6 25. exf6+ Kxf6 26. Rbb7
Ke7 27. a4 Rd5 28. Rb2 Rc8 29. a5 Rg5+ 30. Kf1 Rc1+ 31. Ke2 Ra1 32. a6 Rd5 33.
Rc2 Rd6 34. Rcc7 Ra3 35. Kf1 h6 36. Kg2 g5 37. h3 Ra2 38. Kf3 Ra3+ 39. Kg2 Ra2
40. Kf3 h5 41. Rc5 Rd3+ 42. Kg2 Rdd2 43. Rxg5 Rxf2+ 44. Kg3 Rg2+ 45. Kh4 Rxg5
46. Kxg5 Ra5+ 47. Kf4 Kd6 48. Ra8 h4 49. a7 Ra4+ 50. Kg5 Ke5 51. Kh5 Kd5 52.
Rd8 Rxa7 53. Kxh4 Ke4 54. Kg3 d5 55. Rb8 d4 56. Kf2 e5 57. Rb3 Ra2+ 58. Ke1 d3
59. h4 Ke3 60. Kf1 Rh2 0-1

[Event "Aurora Spring op"]
[Site "Newmarket CAN"]
[Date "2023.03.26"]
[Round "4"]
[White "Zhong, Ryan Yunhui"]
[Black "Huang, Youhe"]
[Result "1-0"]
[WhiteElo "1636"]
[BlackElo "2070"]
[PlyCount "85"]
[EventDate "2023.03.25"]
[EventType "swiss"]
[EventRounds "5"]
[EventCountry "CAN"]

1. e4 c5 2. Nf3 d6 3. Bb5+ Bd7 4. Bxd7+ Nxd7 5. O-O Ngf6 6. Re1 e6 7. c3 Be7 8.
d4 cxd4 9. cxd4 d5 10. e5 Ne4 11. Nbd2 Nxd2 12. Bxd2 O-O 13. Rc1 Nb8 14. Rc3
Nc6 15. h4 Rc8 16. Bg5 h6 17. Bxe7 Nxe7 18. Rb3 b6 19. g4 Rc4 20. Kh1 Ng6 21.
g5 h5 22. Nh2 Ne7 23. Qxh5 g6 24. Qg4 Nf5 25. Rd1 Kg7 26. Rh3 Rc2 27. Qf4 Qc7
28. Ng4 Qc4 29. Rhd3 Rh8 30. Nh6 Rxb2 31. Nxf5+ gxf5 32. g6 Rh5 33. gxf7 Kxf7
34. Qg3 Rh7 35. Rg1 Ke7 36. Rc3 Qxc3 37. Qxc3 Rxh4+ 38. Kg2 Rxa2 39. Qc7+ Ke8
40. Rc1 Rg4+ 41. Kf1 Rxd4 42. Qc8+ Kf7 43. Rc7+ 1-0

[Event "Aurora Spring op"]
[Site "Newmarket CAN"]
[Date "2023.03.26"]
[Round "5"]
[White "Huh, Isaak"]
[Black "Zhong, Ryan Yunhui"]
[Result "1-0"]
[WhiteElo "1801"]
[BlackElo "1636"]
[PlyCount "59"]
[EventDate "2023.03.25"]
[EventType "swiss"]
[EventRounds "5"]
[EventCountry "CAN"]

1. e4 e6 2. d4 d5 3. Nc3 Nf6 4. e5 Nfd7 5. f4 c5 6. Nf3 Nc6 7. Be3 a6 8. Qd2 b5
9. Be2 Qb6 10. O-O cxd4 11. Nxd4 Bc5 12. Rad1 Bb7 13. a3 Nxd4 14. Bxd4 O-O 15.
Bxc5 Qxc5+ 16. Kh1 Rad8 17. Bd3 g6 18. Rde1 d4 19. Nd1 Nb6 20. f5 exf5 21. Bxf5
Bc8 22. Bxc8 Rxc8 23. Nf2 Nc4 24. Qh6 f5 25. exf6 Rxf6 26. Ne4 Rxf1+ 27. Rxf1
Qc7 28. Nf6+ Kh8 29. Ne8 Rxe8 30. Rf8+ 1-0

[Event "Aurora Spring op"]
[Site "Newmarket CAN"]
[Date "2023.03.26"]
[Round "5"]
[White "Mao, Fengxi"]
[Black "Qiao, Cindy"]
[Result "1-0"]
[WhiteElo "1987"]
[BlackElo "1794"]
[PlyCount "53"]
[EventDate "2023.03.25"]
[EventType "swiss"]
[EventRounds "5"]
[EventCountry "CAN"]

1. b3 d5 2. Bb2 Nf6 3. Nf3 Bf5 4. g3 e6 5. Bg2 Be7 6. O-O O-O 7. d3 h6 8. Nbd2
Nbd7 9. c4 c6 10. a3 a5 11. Ra2 Rb8 12. Qa1 Bh7 13. Ne5 Nxe5 14. Bxe5 Bd6 15.
b4 Bxe5 16. Qxe5 b5 17. cxd5 cxd5 18. Nb3 a4 19. Nd4 Qb6 20. Rc2 Nd7 21. Qe3
Rfc8 22. Rfc1 Rxc2 23. Rxc2 e5 24. Nc6 d4 25. Nxb8 dxe3 26. Rc8+ Nf8 27. Rxf8+
1-0

[Event "Aurora Spring op"]
[Site "Newmarket CAN"]
[Date "2023.03.26"]
[Round "5"]
[White "Rusonik, Max"]
[Black "Bora, Safal"]
[Result "1-0"]
[WhiteElo "2173"]
[BlackElo "2461"]
[PlyCount "121"]
[EventDate "2023.03.25"]
[EventType "swiss"]
[EventRounds "5"]
[EventCountry "CAN"]

1. e4 e5 2. Nf3 Nc6 3. Bb5 a6 4. Bxc6 dxc6 5. O-O Qf6 6. d4 exd4 7. Bg5 Qd6 8.
Nxd4 Be7 9. Be3 Nh6 10. f3 f5 11. Qd2 O-O 12. Bxh6 gxh6 13. Nxf5 Bxf5 14. exf5
Rxf5 15. Qe3 Rb5 16. Kh1 Rxb2 17. Nc3 Rxc2 18. Ne4 Qe6 19. Rae1 Rf8 20. f4 Rc4
21. Qg3+ Qg6 22. Qb3 Qf7 23. Nd2 b5 24. Nxc4 bxc4 25. Qb7 Bf6 26. Qxc6 c3 27.
Qxa6 c5 28. Re6 Bd4 29. f5 c2 30. Re2 c1=Q 31. Rxc1 Qxf5 32. Ree1 Qg6 33. Qc4+
Kh8 34. Rf1 Rg8 35. Qc2 Qe6 36. Rf3 Ra8 37. a4 Qg6 38. Qc4 Qd6 39. Rcf1 Bg7 40.
Rf5 Ra5 41. Qe4 Qd8 42. Rf7 Ra8 43. Rc7 Qg8 44. Rxc5 Re8 45. Qc4 Ra8 46. Qxg8+
Kxg8 47. Rc4 Bb2 48. g3 Kg7 49. Kg2 Kg6 50. Rf2 Be5 51. Ra2 Ra5 52. Rb4 Bc7 53.
Rb5 Ra6 54. Kf3 Kf6 55. Rb7 Ba5 56. Rxh7 Ke5 57. Re2+ Kd5 58. Re4 Rf6+ 59. Rf4
Ra6 60. Rh4 Bd2 61. Rd7+ 1-0

[Event "Aurora Spring op"]
[Site "Newmarket CAN"]
[Date "2023.03.26"]
[Round "5"]
[White "Yang, Lefan"]
[Black "Zhao, Jeffrey R"]
[Result "1-0"]
[WhiteElo "1745"]
[BlackElo "1860"]
[PlyCount "99"]
[EventDate "2023.03.25"]
[EventType "swiss"]
[EventRounds "5"]
[EventCountry "CAN"]

1. d4 Nf6 2. c4 g6 3. Nc3 Bg7 4. e4 d6 5. Be2 O-O 6. Be3 e5 7. d5 Na6 8. g4 Nc5
9. f3 h5 10. g5 Nh7 11. h4 f6 12. Qd2 fxg5 13. hxg5 a5 14. Nh3 Bd7 15. O-O-O a4
16. Kb1 b6 17. Nf2 Qe7 18. Nb5 Bc8 19. Rhg1 Rf7 20. Rc1 Bb7 21. Rc3 Ba6 22. Ra3
Bxb5 23. cxb5 Qd8 24. Nd3 Nxd3 25. Qxd3 Rf4 26. Bxf4 exf4 27. e5 Nf8 28. e6 Be5
29. Qe4 Qe7 30. Rxa4 Rc8 31. Rc4 Qg7 32. Rg2 h4 33. Rh2 Qe7 34. Rxh4 Qxg5 35.
Rg4 Qh5 36. a4 Qh7 37. Bd3 Re8 38. Rxg6+ Nxg6 39. Qxg6+ Qxg6 40. Bxg6 Re7 41.
Bf7+ Kg7 42. b4 c5 43. bxc6 Rc7 44. a5 b5 45. Re4 Kf6 46. Kc2 Kg5 47. Kd3 Kf6
48. Be8 Ke7 49. Bd7 Kf6 50. Rxe5 1-0

[Event "Banff op"]
[Site "Banff CAN"]
[Date "2023.11.10"]
[Round "1.1"]
[White "Ginsburg, Mark"]
[Black "Boehmer, Kris"]
[Result "1-0"]
[WhiteElo "2374"]
[BlackElo "2053"]
[PlyCount "49"]
[EventDate "2023.11.10"]
[EventType "swiss"]
[EventRounds "6"]
[EventCountry "CAN"]

1. c4 c6 2. d4 d5 3. Nf3 Nf6 4. Qc2 g6 5. Bf4 Bg7 6. e3 Nh5 7. Be5 f6 8. Bxb8
Rxb8 9. Nc3 O-O 10. cxd5 cxd5 11. Nxd5 Be6 12. Nc3 Bh6 13. Be2 Ng7 14. O-O Nf5
15. d5 Bf7 16. e4 Nd6 17. Nd4 Rc8 18. Bg4 Rc4 19. Ne6 Bxe6 20. Bxe6+ Kg7 21.
Qd3 Qc7 22. g3 Qb6 23. Qe2 Rb4 24. Rab1 Nc4 25. a3 1-0

[Event "Banff op"]
[Site "Banff CAN"]
[Date "2023.11.10"]
[Round "1.2"]
[White "Bai, Jinghui"]
[Black "Soberov, Emil"]
[Result "0-1"]
[WhiteElo "2002"]
[BlackElo "2369"]
[PlyCount "102"]
[EventDate "2023.11.10"]
[EventType "swiss"]
[EventRounds "6"]
[EventCountry "CAN"]

1. c4 Nf6 2. Nc3 e5 3. g3 g6 4. Bg2 Bg7 5. e4 d6 6. Nge2 O-O 7. O-O Ne8 8. d4
Nc6 9. Be3 f5 10. Qd2 Nf6 11. Rad1 Qe8 12. exf5 gxf5 13. dxe5 Nxe5 14. b3 Qh5
15. f3 Bd7 16. Nf4 Qf7 17. Ncd5 Bc6 18. Qc2 Ne8 19. Bh3 Kh8 20. Bd4 Bd7 21. Kg2
c6 22. Ne3 Ng6 23. Nh5 Nh4+ 24. gxh4 Bxd4 25. Rxd4 Qxh5 26. Qc3 Rf6 27. Kh1 Ng7
28. Ng2 Re8 29. Nf4 Qh6 30. Rg1 c5 31. Rd3 Bc6 32. h5 Ref8 33. Nd5 Bxd5 34.
Rxd5 R8f7 35. Re1 Re6 36. Rxe6 Qxe6 37. Qd2 Rf6 38. Qc3 h6 39. Qa5 b6 40. Qd2
Nxh5 41. Bxf5 Qe7 42. Be4 Nf4 43. Rf5 Rxf5 44. Bxf5 Qe5 45. Bc2 h5 46. h4 a6
47. a4 Kg7 48. a5 bxa5 49. Qxa5 Qe7 50. Qc3+ Kg8 51. Kg1 Ne2+ 0-1

[Event "Banff op"]
[Site "Banff CAN"]
[Date "2023.11.10"]
[Round "1.4"]
[White "Chen, Ryan"]
[Black "Khodjimatov, Sherzod"]
[Result "1/2-1/2"]
[WhiteElo "1973"]
[BlackElo "2321"]
[PlyCount "95"]
[EventDate "2023.11.10"]
[EventType "swiss"]
[EventRounds "6"]
[EventCountry "CAN"]

1. e4 e5 2. Nf3 Nc6 3. d4 exd4 4. Nxd4 Nf6 5. Nc3 Bb4 6. Nxc6 bxc6 7. Bd3 d5 8.
exd5 O-O 9. O-O cxd5 10. h3 h6 11. Qf3 Rb8 12. Bf4 Bd6 13. Nb5 Bxf4 14. Qxf4
Bd7 15. Nxc7 Rb6 16. a4 Qb8 17. Qh2 Rxb2 18. Nb5 Qb6 19. Qf4 a6 20. Nc3 Rc8 21.
Ne2 Rb4 22. a5 Qc5 23. Qf3 d4 24. Ng3 Re8 25. Nf5 Bc6 26. Qg3 Nh5 27. Qg4 g6
28. Nxh6+ Kf8 29. Nxf7 Rb7 30. Ng5 Qd6 31. Rfe1 Rbe7 32. Rxe7 Rxe7 33. Be4 Nf6
34. Qc8+ Be8 35. Bxg6 d3 36. Bxe8 d2 37. Bh5+ Kg7 38. Qc3 Kh6 39. Nf7+ Rxf7 40.
Bxf7 d1=Q+ 41. Rxd1 Qxd1+ 42. Kh2 Kg7 43. Bc4 Qd8 44. Qg3+ Kf8 45. Qe5 Ng4+ 46.
hxg4 Qh4+ 47. Kg1 Qh1+ 48. Kxh1 1/2-1/2

[Event "Banff op"]
[Site "Banff CAN"]
[Date "2023.11.10"]
[Round "1.6"]
[White "Zacharias, Nicholas"]
[Black "Chandra, Anand Rishi"]
[Result "0-1"]
[WhiteElo "1905"]
[BlackElo "2283"]
[PlyCount "40"]
[EventDate "2023.11.10"]
[EventType "swiss"]
[EventRounds "6"]
[EventCountry "CAN"]

1. e4 e5 2. f4 d5 3. exd5 exf4 4. Nf3 Nf6 5. c4 c6 6. d4 Bb4+ 7. Nc3 cxd5 8.
Bxf4 O-O 9. Bd3 Re8+ 10. Ne5 Be6 11. c5 Qa5 12. Rc1 Bg4 13. Qb3 Nc6 14. a3 Bxc5
15. Qxb7 Bxd4 16. Qxf7+ Kh8 17. Bh6 Rxe5+ 18. Kd2 Rg8 19. b4 Qxa3 20. b5 Qb2+
0-1

[Event "Banff op"]
[Site "Banff CAN"]
[Date "2023.11.10"]
[Round "1.7"]
[White "Findlay, Ian"]
[Black "Pivovarov, Juraj"]
[Result "1-0"]
[WhiteElo "2266"]
[BlackElo "1903"]
[PlyCount "151"]
[EventDate "2023.11.10"]
[EventType "swiss"]
[EventRounds "6"]
[EventCountry "CAN"]

1. e4 c5 2. Nf3 Nc6 3. d4 cxd4 4. Nxd4 g6 5. Nc3 Bg7 6. Be3 Nf6 7. Bc4 Qa5 8.
O-O O-O 9. Bb3 d6 10. h3 Bd7 11. Re1 Nxd4 12. Bxd4 Bc6 13. Nd5 Bxd5 14. exd5
Rfe8 15. c4 Rac8 16. Re3 Nh5 17. Re4 Bxd4 18. Qxd4 Nf6 19. Re3 Nd7 20. Rae1 Nc5
21. R1e2 Qb6 22. Rxe7 Rxe7 23. Rxe7 Nxb3 24. Qxb6 axb6 25. axb3 b5 26. Rxb7
bxc4 27. bxc4 Rxc4 28. Rb6 Rc5 29. Rxd6 Rb5 30. g4 Kf8 31. Rd8+ Ke7 32. Rh8
Rxb2 33. Rxh7 Rd2 34. h4 Rxd5 35. Kg2 Rd3 36. f3 Ke6 37. Kg3 Rd4 38. h5 gxh5
39. Rxh5 Kf6 40. Rh6+ Kg7 41. g5 Ra4 42. Rd6 Rb4 43. f4 Ra4 44. Rd7 Rb4 45. f5
Kf8 46. f6 Kg8 47. Re7 Ra4 48. Kf3 Rb4 49. Re4 Rb5 50. Kf4 Ra5 51. Re8+ Kh7 52.
Rf8 Ra4+ 53. Kf5 Ra5+ 54. Kg4 Ra4+ 55. Kh5 Ra7 56. Re8 Ra1 57. Rf8 Ra7 58. Kg4
Ra4+ 59. Kf5 Ra5+ 60. Kf4 Ra4+ 61. Ke5 Ra5+ 62. Kd6 Ra6+ 63. Ke7 Ra7+ 64. Ke8
Kg6 65. Rg8+ Kf5 66. Kf8 Ke6 67. Kg7 Ra5 68. Re8+ Kf5 69. g6 fxg6 70. f7 Ra7
71. Kg8 Rxf7 72. Kxf7 g5 73. Kg7 g4 74. Kh6 Kf4 75. Kh5 g3 76. Kh4 1-0

[Event "Banff op"]
[Site "Banff CAN"]
[Date "2023.11.10"]
[Round "1.8"]
[White "Bulga, Tamir"]
[Black "Malek, Omid"]
[Result "1/2-1/2"]
[WhiteElo "1854"]
[BlackElo "2252"]
[PlyCount "68"]
[EventDate "2023.11.10"]
[EventType "swiss"]
[EventRounds "6"]
[EventCountry "CAN"]

1. Nf3 f5 2. b3 Nf6 3. Bb2 e6 4. c4 Be7 5. g3 O-O 6. Bg2 d5 7. O-O c6 8. d3
Nbd7 9. Nbd2 a5 10. a3 Re8 11. Qc2 Bf8 12. Nd4 g6 13. e4 e5 14. Ne2 fxe4 15.
dxe4 d4 16. Nc1 c5 17. h3 b6 18. Nd3 Bb7 19. Rae1 Bg7 20. Bc1 Qc7 21. a4 Rf8
22. Nb1 Rae8 23. Na3 Nb8 24. f4 Nh5 25. Kh2 Na6 26. Nb5 Qb8 27. f5 gxf5 28. Qe2
Nf6 29. Rxf5 Nb4 30. Ref1 Nxd3 31. Qxd3 Bc8 32. R5f3 Be6 33. Bg5 Nd7 34. Rxf8+
Rxf8 1/2-1/2

[Event "Banff op"]
[Site "Banff CAN"]
[Date "2023.11.10"]
[Round "1.9"]
[White "Jiang, Brian"]
[Black "Nechio, Douglas"]
[Result "1-0"]
[WhiteElo "2233"]
[BlackElo "1859"]
[PlyCount "63"]
[EventDate "2023.11.10"]
[EventType "swiss"]
[EventRounds "6"]
[EventCountry "CAN"]

1. c4 Nf6 2. Nc3 d5 3. cxd5 Nxd5 4. g3 g6 5. Bg2 c6 6. Qa4 Nb6 7. Qh4 Bg7 8.
Nf3 N8d7 9. d3 h6 10. O-O g5 11. Qb4 Nf6 12. Rd1 Qd6 13. Qa5 Nbd5 14. Ne4 Qb4
15. Qxb4 Nxb4 16. Bd2 Nbd5 17. Nc5 Nd7 18. Na4 O-O 19. Rac1 N7b6 20. Nc3 Nxc3
21. bxc3 e5 22. c4 Be6 23. Bc3 f6 24. Nd2 Nd7 25. Rb1 Rab8 26. Nb3 c5 27. Na5
b6 28. Nc6 Rbe8 29. Nxa7 f5 30. Nb5 e4 31. Bxg7 Kxg7 32. Nc7 1-0

[Event "Banff op"]
[Site "Banff CAN"]
[Date "2023.11.10"]
[Round "1.10"]
[White "Harms, Reece"]
[Black "Huh, Isaak"]
[Result "0-1"]
[WhiteElo "1833"]
[BlackElo "2219"]
[PlyCount "62"]
[EventDate "2023.11.10"]
[EventType "swiss"]
[EventRounds "6"]
[EventCountry "CAN"]

1. e4 e5 2. Nf3 Nc6 3. Bc4 Nf6 4. d3 Be7 5. O-O d6 6. a4 Bg4 7. c3 O-O 8. Re1
Na5 9. Ba2 c5 10. h3 Bh5 11. Nbd2 Nc6 12. g4 Bg6 13. Nh4 Kh8 14. Kg2 d5 15.
Nxg6+ fxg6 16. Nf3 dxe4 17. dxe4 Qc8 18. Ng5 Nd8 19. Re3 h6 20. Nf3 Nc6 21. Nh4
Kh7 22. Kg3 Qc7 23. Qc2 Rad8 24. f3 Rd6 25. Rd3 Nxe4+ 26. fxe4 Bxh4+ 27. Kxh4
Qd8+ 28. Kg3 Rxd3+ 29. Kh2 Qh4 30. Qxd3 Qf2+ 31. Kh1 Qe1+ 0-1

[Event "Banff op"]
[Site "Banff CAN"]
[Date "2023.11.10"]
[Round "1.13"]
[White "Burrows, Zachary"]
[Black "Alpuri, Aaqil"]
[Result "0-1"]
[WhiteElo "2156"]
[BlackElo "1793"]
[PlyCount "134"]
[EventDate "2023.11.10"]
[EventType "swiss"]
[EventRounds "6"]
[EventCountry "CAN"]

1. e4 c5 2. Nf3 e6 3. c4 Nc6 4. Nc3 a6 5. d4 cxd4 6. Nxd4 Qc7 7. Be3 Nf6 8. a3
d6 9. Rc1 Qa5 10. Nb3 Qd8 11. Be2 b6 12. f3 Be7 13. Nd4 Bb7 14. Nxc6 Bxc6 15.
Qd4 Rb8 16. O-O O-O 17. b4 b5 18. cxb5 axb5 19. Rfd1 Qd7 20. Qd2 Ra8 21. Nb1
Qb7 22. Bg5 Rfd8 23. Qb2 h6 24. Be3 Nd7 25. Qc3 Rdc8 26. Qe1 Nb6 27. Qg3 Kh8
28. Rd2 d5 29. Bd4 f6 30. e5 f5 31. Qg6 Bg5 32. Qxe6 Bxd2 33. Nxd2 Bd7 34.
Rxc8+ Nxc8 35. Qg6 Ne7 36. Qf7 Be8 37. Qf8+ Kh7 38. e6 Nc6 39. Qxf5+ Bg6 40.
Qxd5 Rd8 41. Qxb5 Qxb5 42. Bxb5 Nxd4 43. e7 Ra8 44. Bd7 Be8 45. Bg4 Rxa3 46.
Kf2 Ra7 47. Ne4 Rxe7 48. Nc5 h5 49. Bc8 Re2+ 50. Kg3 Rb2 51. Nd3 Rb3 52. Ne5
Rxb4 53. Ba6 Nf5+ 54. Kf2 Rb2+ 55. Kg1 Ne3 56. g4 hxg4 57. fxg4 Bb5 58. Bb7 Bd3
59. Bf3 Bb1 60. Bc6 g6 61. h4 Kg7 62. h5 gxh5 63. gxh5 Kh6 64. Bf3 Kg5 65. Nf7+
Kf4 66. Bc6 Kg3 67. h6 Bg6 0-1

[Event "Banff op"]
[Site "Banff CAN"]
[Date "2023.11.10"]
[Round "1.14"]
[White "Jackson, Mateo"]
[Black "Wu, Jonathan"]
[Result "0-1"]
[WhiteElo "1774"]
[BlackElo "2151"]
[PlyCount "96"]
[EventDate "2023.11.10"]
[EventType "swiss"]
[EventRounds "6"]
[EventCountry "CAN"]

1. e4 c5 2. Nc3 d6 3. f4 g6 4. Nf3 Bg7 5. Bc4 Nc6 6. O-O e6 7. d3 Nge7 8. Qe1
O-O 9. Bb3 Nd4 10. Nxd4 cxd4 11. Ne2 d5 12. e5 a5 13. a4 Nc6 14. Rf3 f6 15.
exf6 Bxf6 16. f5 Bh4 17. g3 Bg5 18. Qf2 Ne5 19. Rf4 Bxf4 20. Bxf4 Rxf5 21. Nxd4
Ng4 22. Qe2 Qb6 23. c3 e5 24. Bxd5+ Kg7 25. Be3 Nxe3 26. Qxe3 exd4 27. Qe7+ Kh6
28. Qh4+ Rh5 29. Qf4+ Rg5 30. h4 dxc3+ 31. Kh1 Qd8 32. hxg5+ Qxg5 33. Qf8+ Kh5
34. Bf3+ Bg4 35. Bxg4+ Kxg4 36. Qxa8 Qh6+ 37. Kg1 Qe3+ 38. Kh1 Qf3+ 39. Kg1
Qxg3+ 40. Kh1 cxb2 41. Qc8+ Kh5 42. Rf1 Qxd3 43. Qc5+ g5 44. Qf8 b1=Q 45. Qf7+
Qg6 46. Qf3+ g4 47. Qd5+ Kh4 48. Qd8+ Kh3 0-1

[Event "Banff op"]
[Site "Banff CAN"]
[Date "2023.11.10"]
[Round "1.15"]
[White "Pottinger, Carl"]
[Black "Booker, Brad"]
[Result "0-1"]
[WhiteElo "1743"]
[BlackElo "2101"]
[PlyCount "52"]
[EventDate "2023.11.10"]
[EventType "swiss"]
[EventRounds "6"]
[EventCountry "CAN"]

1. d4 Nf6 2. Nf3 g6 3. Nc3 d5 4. Bf4 Bg7 5. Qd2 h5 6. e3 Ne4 7. Nxe4 dxe4 8.
Ne5 Bf5 9. Bc4 e6 10. Qb4 Qc8 11. Bb5+ c6 12. Nc4 Bf8 13. Bd6 cxb5 14. Bxf8 Nc6
15. Nd6+ Kxf8 16. Qxb5 Qc7 17. Nxb7 Kg7 18. Nc5 Rab8 19. Na6 Rxb5 20. Nxc7 Rxb2
21. O-O Rc8 22. Na6 Rxc2 23. Nc5 Nb4 24. a3 Nd3 25. Na6 Rb2 26. Nb4 a5 0-1

[Event "Banff op"]
[Site "Banff CAN"]
[Date "2023.11.10"]
[Round "1.17"]
[White "Montalti, Gianluca"]
[Black "Wu, Nathan"]
[Result "1-0"]
[WhiteElo "1740"]
[BlackElo "2073"]
[PlyCount "83"]
[EventDate "2023.11.10"]
[EventType "swiss"]
[EventRounds "6"]
[EventCountry "CAN"]

1. e4 d5 2. exd5 Qxd5 3. Nc3 Qd6 4. d4 Nf6 5. Nf3 c6 6. h3 Bf5 7. Bg5 Nbd7 8.
g4 Bg6 9. Bg2 e6 10. Qe2 Be7 11. O-O-O Nd5 12. Bxe7 Qxe7 13. Nxd5 cxd5 14. Ne5
Qg5+ 15. Kb1 Nxe5 16. dxe5 Qe7 17. h4 h6 18. f4 Qb4 19. f5 exf5 20. e6 O-O 21.
gxf5 Bxf5 22. exf7+ Kh8 23. Bxd5 Rac8 24. Rd2 Rfd8 25. a3 Qb6 26. Qe5 Qg6 27.
Rhh2 Bg4 28. h5 Qf5 29. Qxf5 Bxf5 30. Bxb7 Rxd2 31. Rxd2 Rf8 32. Bd5 g5 33. Rf2
Bg4 34. Rf6 Kh7 35. Rg6 Bxh5 36. Rg8 Bxf7 37. Rxf8 Bxd5 38. Rd8 Bf3 39. Kc1 h5
40. Kd2 h4 41. Ke3 g4 42. Kf4 1-0

[Event "Banff op"]
[Site "Banff CAN"]
[Date "2023.11.10"]
[Round "1.19"]
[White "Haessel, Dale"]
[Black "Bresler, Joshua"]
[Result "1-0"]
[WhiteElo "2150"]
[BlackElo "1609"]
[PlyCount "59"]
[EventDate "2023.11.10"]
[EventType "swiss"]
[EventRounds "6"]
[EventCountry "CAN"]

1. d4 e6 2. c4 f5 3. g3 Nf6 4. Bg2 c6 5. Nh3 d5 6. Qc2 Be7 7. O-O O-O 8. Nd2 h6
9. Nf4 Qe8 10. Nf3 Bd6 11. Ne5 Ne4 12. f3 Ng5 13. h4 Nh7 14. e4 g5 15. Nfg6 Rf6
16. h5 Nd7 17. Nxd7 Bxd7 18. e5 Rxg6 19. hxg6 Qxg6 20. exd6 dxc4 21. Qxc4 Nf6
22. Bd2 Ne8 23. Qc5 Qf6 24. Bc3 Qf8 25. Qe5 Qxd6 26. Rae1 Qd5 27. f4 Qxa2 28.
d5 cxd5 29. Qh8+ Kf7 30. Qh7+ 1-0

[Event "Banff op"]
[Site "Banff CAN"]
[Date "2023.11.10"]
[Round "2.1"]
[White "Tolentino, Patrick Angelo"]
[Black "Ginsburg, Mark"]
[Result "1/2-1/2"]
[WhiteElo "2222"]
[BlackElo "2374"]
[PlyCount "48"]
[EventDate "2023.11.10"]
[EventType "swiss"]
[EventRounds "6"]
[EventCountry "CAN"]

1. d4 Nf6 2. c4 d6 3. Nc3 e5 4. dxe5 dxe5 5. Qxd8+ Kxd8 6. Nf3 Nfd7 7. g3 f6 8.
Bg2 c6 9. O-O Kc7 10. Rd1 Be7 11. Be3 Na6 12. Rac1 Nb6 13. b3 Ba3 14. Rc2 Bf5
15. Rcd2 Rhd8 16. Nb1 Bb4 17. Rxd8 Rxd8 18. Rxd8 Kxd8 19. Nfd2 Bc5 20. Bxc5
Nxc5 21. Nc3 a5 22. Be4 Bg6 23. Bxg6 hxg6 24. h4 Ke7 1/2-1/2

[Event "Banff op"]
[Site "Banff CAN"]
[Date "2023.11.10"]
[Round "2.2"]
[White "Soberov, Emil"]
[Black "Haessel, Dale"]
[Result "1-0"]
[WhiteElo "2369"]
[BlackElo "2150"]
[PlyCount "42"]
[EventDate "2023.11.10"]
[EventType "swiss"]
[EventRounds "6"]
[EventCountry "CAN"]

1. e4 e5 2. Nf3 Nc6 3. Bb5 Nf6 4. Nc3 d6 5. a3 g6 6. d4 exd4 7. Nxd4 Bd7 8. Bg5
Bg7 9. Nxc6 Bxc6 10. Bxc6+ bxc6 11. e5 dxe5 12. Qf3 Qd6 13. Nb5 cxb5 14. Qxa8+
Kd7 15. Qxa7 Nd5 16. Qb7 Qc5 17. O-O-O Ke6 18. Rhe1 f5 19. Rxd5 Qxd5 20. Qxc7
Qd7 21. Qb6+ Kd5 1-0

[Event "Banff op"]
[Site "Banff CAN"]
[Date "2023.11.10"]
[Round "2.5"]
[White "Chandra, Anand Rishi"]
[Black "Leong, Aiden"]
[Result "1/2-1/2"]
[WhiteElo "2283"]
[BlackElo "2079"]
[PlyCount "81"]
[EventDate "2023.11.10"]
[EventType "swiss"]
[EventRounds "6"]
[EventCountry "CAN"]

1. e4 c6 2. Nf3 d5 3. Nc3 Bg4 4. d4 e6 5. Be2 Nf6 6. h3 Bxf3 7. gxf3 Bb4 8. Qd3
Nbd7 9. Bd2 Qc7 10. e5 Ng8 11. f4 Ne7 12. Kf1 Bxc3 13. Bxc3 a5 14. a4 Nf5 15.
b3 h5 16. Bb2 Qb6 17. Qc3 g6 18. Bd3 O-O 19. Bxf5 exf5 20. Rg1 Kh7 21. Re1 Rae8
22. Qd3 Rg8 23. Ba3 Nf8 24. Bc5 Qd8 25. Bxf8 Rgxf8 26. c4 Qd7 27. Ke2 Rd8 28.
Rd1 Qe6 29. Qc3 Rd7 30. Qxa5 dxc4 31. Qc5 Ra8 32. bxc4 Rxa4 33. Rc1 b6 34. Qxb6
Rxc4 35. Rgd1 Rdxd4 36. Qxd4 Rxd4 37. Rxd4 Qb3 38. Rxc6 Qxh3 39. Rd7 Qb3 40.
Rcc7 Kg7 41. Rxf7+ 1/2-1/2

[Event "Banff op"]
[Site "Banff CAN"]
[Date "2023.11.10"]
[Round "2.6"]
[White "Booker, Brad"]
[Black "Findlay, Ian"]
[Result "1/2-1/2"]
[WhiteElo "2101"]
[BlackElo "2266"]
[PlyCount "81"]
[EventDate "2023.11.10"]
[EventType "swiss"]
[EventRounds "6"]
[EventCountry "CAN"]

1. e4 c5 2. Nf3 d6 3. Bb5+ Nc6 4. O-O Bd7 5. c3 a6 6. Ba4 Nf6 7. Re1 e6 8. d4
cxd4 9. cxd4 d5 10. e5 Ne4 11. Bc2 Nb4 12. Bxe4 dxe4 13. Rxe4 Bc6 14. Re3 Be7
15. Nc3 O-O 16. a3 Nd5 17. Rd3 Rc8 18. Bd2 b5 19. Rc1 Nb6 20. Qe2 h6 21. Ne4 b4
22. Nf6+ Bxf6 23. exf6 Qxf6 24. Rxc6 Rxc6 25. Ne5 Rc2 26. Qd1 Rfc8 27. Rf3 Qd8
28. Rf4 Qc7 29. h4 f6 30. Nd3 bxa3 31. bxa3 Nd5 32. Rg4 Kh7 33. Nc5 Rxc5 34.
dxc5 Qxc5 35. Qe2 Qc6 36. h5 Ne7 37. Rg3 Nf5 38. Rc3 Qd7 39. Qxa6 Rxc3 40. Bxc3
Qd1+ 41. Qf1 1/2-1/2

[Event "Banff op"]
[Site "Banff CAN"]
[Date "2023.11.10"]
[Round "2.7"]
[White "Alpuri, Aaqil"]
[Black "Jiang, Brian"]
[Result "1/2-1/2"]
[WhiteElo "1793"]
[BlackElo "2233"]
[PlyCount "178"]
[EventDate "2023.11.10"]
[EventType "swiss"]
[EventRounds "6"]
[EventCountry "CAN"]

1. e4 c5 2. Nf3 Nc6 3. d4 cxd4 4. Nxd4 e6 5. c4 Nf6 6. Nc3 Bb4 7. Qd3 O-O 8.
Be2 d5 9. cxd5 exd5 10. exd5 Qxd5 11. Nxc6 Qxg2 12. Qf3 Qxf3 13. Bxf3 bxc6 14.
Bxc6 Rb8 15. O-O Bh3 16. Bg2 Bxg2 17. Kxg2 Rfc8 18. Be3 Bxc3 19. bxc3 Rxc3 20.
Bxa7 Ra8 21. Bd4 Rca3 22. Bxf6 gxf6 23. Rfe1 R8a4 24. Re3 Rxe3 25. fxe3 Ra3 26.
Kf3 Kg7 27. Rg1+ Kf8 28. Rg2 h5 29. Ke4 Ke7 30. Rb2 Ra4+ 31. Kf3 f5 32. h3 Kf6
33. Rg2 Ra3 34. Kf4 Ra5 35. Kf3 Ra4 36. Rf2 Kg5 37. Kg3 Ra3 38. h4+ Kf6 39. Kf3
Ra4 40. Kg3 Rg4+ 41. Kh3 Re4 42. Rf3 Ra4 43. Kg3 Ke5 44. Rf2 Rg4+ 45. Kh3 Re4
46. Re2 Ra4 47. Kg3 Rg4+ 48. Kh3 Rg1 49. Kh2 Rg6 50. Rg2 Ra6 51. Rg5 Rxa2+ 52.
Kg3 Ke4 53. Rxh5 Re2 54. Rh7 Rxe3+ 55. Kg2 Re2+ 56. Kg1 Kf3 57. Rxf7 f4 58. h5
Rg2+ 59. Kh1 Rg4 60. Ra7 Kf2 61. Ra2+ Kf1 62. Ra1+ Kf2 63. Ra2+ Ke3 64. Ra3+
Ke4 65. h6 Rh4+ 66. Kg2 Rxh6 67. Ra4+ Ke3 68. Ra3+ Ke2 69. Ra2+ Ke3 70. Ra3+
Ke4 71. Ra4+ Kf5 72. Kf3 Rh3+ 73. Kf2 Kg4 74. Kg2 Rg3+ 75. Kf2 Rb3 76. Ra2 Rh3
77. Ra4 Rh2+ 78. Kg1 Re2 79. Kf1 Re3 80. Kf2 Rb3 81. Ra2 Rh3 82. Ra4 Rh8 83.
Ra3 Rd8 84. Ke2 Rd4 85. Ra8 Re4+ 86. Kf2 Re7 87. Rg8+ Kf5 88. Kf3 Re3+ 89. Kf2
Ra3 1/2-1/2